Minecraft Note Block Instruments - Statistics

General Stats
  • This quiz has been taken 21 times
  • The average score is 13 of 22
Answer Stats
Hint Answer % Correct
Block Wool Guitar
89%
Block Default Harp / Piano
78%
Block Bone Block Xylophone
72%
Block Hay Bale Banjo
67%
Mob Head Creeper Head Creeper
67%
Mob Head Piglin Head Piglin
67%
Mob Head Skeleton Skull Skeleton
67%
Mob Head Wither Skeleton Skull Wither Skeleton
67%
Mob Head Zombie Head Zombie
67%
Block Wood Bass / String Bass
61%
Mob Head Dragon Head Ender Dragon
61%
Block Clay Flute
61%
Block Gold Block Bells / Glockenspiel
56%
Block Packed Ice Chimes
56%
Block Stone Bass Drum / Kick
50%
Block Soul Sand Cow Bell
50%
Block Pumpkin Didgeridoo
50%
Block Sand Snare Drums
50%
Block Emerald Block Bit / Square Wave
39%
Block Glass Clicks and Sticks / Hihat
39%
Block Iron Block Iron Xylophone / Vibraphone
39%
Block Glowstone Pling / Electric Piano
39%
No matching quizzes found
Score Distribution
Percent of People with Each Score
Percentile by Number Answered
Your Score History
You have not taken this quiz